Slováci rekordne sporia, no patria k najchudobnejším v Únii

Aký finančný majetok majú Slováci v porovnaní s eurozónou.

Salvato in:
Dettagli Bibliografici
Autore principale: Kláseková, Martina
Natura: Capitolo di libro
Lingua:slovacco
Soggetti:
Tags: Aggiungi Tag
Nessun Tag, puoi essere il primo ad aggiungerne!!

MARC

LEADER 00000naa a2200000 4500
001 0226379
005 20221104112745.9
041 0 |a slo 
044 |a SK 
245 1 0 |a Slováci rekordne sporia, no patria k najchudobnejším v Únii  |c Martina Kláseková 
520 |a Aký finančný majetok majú Slováci v porovnaní s eurozónou. 
610 2 0 |a Slovensko 
610 2 0 |a eurozóna 
610 2 0 |a majetok finančný 
610 2 0 |a porovnanie medzinárodné 
610 2 0 |a sporenie obyvateľstva 
100 1 |a Kláseková, Martina